| 000 | 00303nam a2200109Ia 4500 | ||
|---|---|---|---|
| 008 | 220120s9999||||xx |||||||||||||| ||und|| | ||
| 100 |
_aJoshi, Parikshit _911784 |
||
| 245 | 0 | _aSupply chain management | |
| 260 |
_aDhanpath rai publications _bDavanagere _c2012 |
||
| 300 | _b0 | ||
| 650 | _aELECTRICAL SCIENCE | ||
| 999 |
_c137186 _d137186 |
||